The Gospel according to Peanuts (Record no. 35805)

MARC details
000 -LEADER
fixed length control field 00569nam a2200181Ia 4500
020 ## - INTERNATIONAL STANDARD BOOK NUMBER
ISBN 804219702
050 ## - CALL MARK
Classification number NC 1429 .S56/
100 ## - STATEMENT OF RESPONSIBILITY--MAIN AUTHOR NAME
Personal name Short, Robert L.
245 #4 - TITLE STATEMENT
Title The Gospel according to Peanuts
260 ## - PUBLICATION, DISTRIBUTION, ETC. (IMPRINT)
Place of publication London,
260 ## - PUBLICATION, DISTRIBUTION, ETC. (IMPRINT)
Name of publisher Collins
260 ## - PUBLICATION, DISTRIBUTION, ETC. (IMPRINT)
Year of publication 1964
300 ## - PHYSICAL DESCRIPTION
Number of Pages 127 p
650 ## - SUBJECT ADDED ENTRY--TOPICAL TERM
Topical Term Schulz, Charles M. (Charles Monroe), 1922-2000. Peanuts. Bible. Gospels--Criticism, interpretation, etc. Comic books, strips, etc.--Religious aspects--Christianity.
942 ## - ADDED ENTRY ELEMENTS (KOHA)
Koha item type Books
Holdings
Withdrawn status Lost status Source of classification or shelving scheme Damaged status Not for loan Permanent Location Current Location Date acquired Accession Number Price effective from Koha item type
    Library of Congress Classification     NILE UNIVERSITY OF NIGERIA - MAIN LIBRARY NILE UNIVERSITY OF NIGERIA - MAIN LIBRARY 04/23/2025 0195206 04/23/2025 Books